Gaming Quiz

Random Gaming or Video Games Quiz

Click the 'T' Pokémon Quiz Stats

 Plays Quiz not verified by Sporcle

Score 0/49 Timer 04:00
1 Play Today
% Correct
Tentacool
85.4%
Tentacruel
81.8%
Tauros
81.3%
Tangela
81%
Togepi
78.9%
Totodile
77.7%
Torchic
77.2%
Teddiursa
76%
Tepig
75.3%
Treecko
75.2%
Taillow
74.7%
Typhlosion
74.3%
Trapinch
74%
Turtwig
73.8%
Tyranitar
72.8%
Togetic
72.3%
Toucannon
72.1%
Torracat
71.9%
Tropius
71.2%
Toxicroak
70.5%
Tangrowth
70.4%
Timburr
70.4%
Torterra
70.2%
Torkoal
69.7%
Talonflame
69.7%
% Correct
Tyrogue
69%
Togekiss
68%
Trubbish
66.3%
Tyrunt
65.9%
Throh
64.9%
Trevenant
63.9%
Tsareena
63.7%
Tympole
63.5%
Tapu Lele
63.5%
Tyrantrum
62.7%
Tornadus
62%
Togedemaru
60.1%
Type: Null
59.9%
Trumbeak
59.8%
Tapu Bulu
59.8%
Terrakion
59.6%
Tirtouga
58.2%
Thundurus
58.2%
Tranquill
57.7%
Tapu Koko
57.7%
Toxapex
56.3%
Turtonator
55.5%
Tapu Fini
54.3%
Tynamo
52.1%

You're not logged in!

Compare scores with friends on all Sporcle quizzes.
OR
Log In

Show Comments

Extras

Top Quizzes Today


Score Distribution

Your Account Isn't Verified!

In order to create a playlist on Sporcle, you need to verify the email address you used during registration. Go to your Sporcle Settings to finish the process.

Report this User

Report this user for behavior that violates our Community Guidelines.

Details: